00376nam a22001457a 4500041000900000082001600009100002500025245001700050300000800067505002400075650001600099942000700115952009100122999001700213 aUrdu a297.63bABD aAbdul Aziz, Mohammed aZikr-e-Milad a104 aAkhlaq -e-Sikandari aIslam-Milad cBK 00104070aHMIbHMIcGENd2018-06-06l0o297.63 ABDp7399r2018-06-06w2018-06-06yBK c21099d21099